000 00396 a2200157 4500
001 185982
020 _a85-06-03922-3
040 _cMagnum
100 _aPoesia Latino-Americana para Meninas e Meninos
240 1 0 _aPoemas com sol e sons
_lpor
245 1 0 _aPoemas com sol e sons
300 _a72
440 1 _aMelhoramentos
697 _aLITERATURA INFANTO-JUVENIL ESTRANGEIRA
942 _cBK
999 _c185982
_d185982